000 00548nam a2200193Ia 4500
005 20250508160950.0
008 008 250505s9999 xx 000 0 eng d
037 _aTextual
040 _aFEDL
_beng
_cFEDL
041 _aeng
_2eng
084 _a372.21, HIL
_qFEDL
100 _aHildebrand Verna
_9140211
245 0 _aIntroduction to early childhood education
250 _a2nd
260 _aNew York, USA
_bMacmillan Publishing Company
_c1976
300 _ax,470p.
942 _cTEXL
_h372.21, HIL
999 _c1367654
_d1367654